| 000 | 00482nam a2200145 a 4500 | ||
|---|---|---|---|
| 001 | 000035762 | ||
| 005 | 20200930074606.0 | ||
| 008 | 090630m2014 dr a o000 0 spa d | ||
| 040 |
_aDO-SdBNP _bspa _cBNPHU |
||
| 082 |
_axxxx _bxxxx |
||
| 100 | 1 |
_aOgando José, Emil Agustín, _d1970- _961710 |
|
| 245 | 1 | 0 |
_aNatural country life : _bprograma de salud integral / _cEmil Agustín Ogando José. |
| 260 |
_aSanto Domingo : _bPedro Sergio Ramírez, _c2014. |
||
| 300 |
_a60 p. : _bil. ; _c22 cm. |
||
| 999 |
_c35253 _d35253 |
||